000 00546nam a2200229Ia 4500
003 OSt
005 20221005133214.0
006 a|||||r|||| 00| 0
007 ta
008 221004b |||||||| |||| 00| 0 san d
024 _a43169
037 _cTextual
040 _aCRL
_cCRL
_bsan
041 _2san
_asan
082 _aO15:1A:9, J6
100 _aAurobindo
245 0 _aVyasa and Valmiki
260 _c1956
650 _aSANSKRIT LITERATURE
942 _hO15:1A:9, J6
_cTEXL
_2cc
999 _c1066111
_d1066111